000 01326nam a2200349 c 4500
003 BLK
005 20250512154202.0
008 180411b bul|||||r ||||||| ||bul||
010 _aKNG00185548000
020 _a978-619-150-711-5
_bиздат.: Колибри
040 _aBLK
041 _aBUL
_cBUL
072 7 _2bullib
_aН83
_xЧужда художествена литература Н
080 _aЯпонска литература
_b821.521
_x-32
_z821.521-32
100 1 _aМураками Харуки
_eпърви автор
_9270010
700 1 _aБарова, Дора Минчева
_eпрев.
_9368178
139 _aМураками Харуки
_bМ 95
245 1 0 _aМъже без жени
_bРазкази
_cМураками Харуки; прев. Дора Минчева Барова.
257 _aJAP
260 София
_bКолибри
_c2015
_fСофия : Инвестпрес
300 _a254 с.
_c20 см
380 _aX
500 _aОриг. загл. Oona no inai otokotachi / Haruki Murakami.
653 _aразкази
659 _aН
852 _aЦб 278629
856 4 _qpdf
_u
856 4 _qpdf
_u
942 _cKNG
_n0
_039
944 _aCR
_c15.12.2015
_lРусанова Ирена
_k30542
944 _aED
_c19.10.2016
_lф /
_kПенка_Димитрова
999 _c176914
_d176914